Écrits d'hier à deux mains (notice n° 1640905)
[ vue normale ]
| 000 -LEADER | |
|---|---|
| fixed length control field | 01179cam a2200241 4500500 |
| 005 - DATE AND TIME OF LATEST TRANSACTION | |
| control field | 20260201100433.0 |
| 041 ## - LANGUAGE CODE | |
| Language code of text/sound track or separate title | fre |
| 042 ## - AUTHENTICATION CODE | |
| Authentication code | dc |
| 100 10 - MAIN ENTRY--PERSONAL NAME | |
| Personal name | Legendre, Paule |
| Relator term | author |
| 245 00 - TITLE STATEMENT | |
| Title | Écrits d'hier à deux mains |
| 260 ## - PUBLICATION, DISTRIBUTION, ETC. | |
| Date of publication, distribution, etc. | 2008.<br/> |
| 500 ## - GENERAL NOTE | |
| General note | 6 |
| 520 ## - SUMMARY, ETC. | |
| Summary, etc. | RésuméCe texte rend compte de trois expériences d’écriture avec des adolescents. Écrire leur histoire à partir de leurs souvenirs, de photos et de mes questions avec l’objectif d’en faire un livre, leur a permis d’investir le langage, voire de faire naître l’activité de penser, de les faire naître à leur propre ressenti. Les pages ont ensuite été reliées pour faire livre. Cela leur a permis de restaurer leur narcissisme. Comme a dit Martin : « Je ne me pensais pas capable d’écrire de telles choses. Je suis fier de moi. » |
| 690 ## - LOCAL SUBJECT ADDED ENTRY--TOPICAL TERM (OCLC, RLIN) | |
| Topical term or geographic name as entry element | adolescent |
| 690 ## - LOCAL SUBJECT ADDED ENTRY--TOPICAL TERM (OCLC, RLIN) | |
| Topical term or geographic name as entry element | ase |
| 690 ## - LOCAL SUBJECT ADDED ENTRY--TOPICAL TERM (OCLC, RLIN) | |
| Topical term or geographic name as entry element | écriture |
| 690 ## - LOCAL SUBJECT ADDED ENTRY--TOPICAL TERM (OCLC, RLIN) | |
| Topical term or geographic name as entry element | expression de ressenti |
| 690 ## - LOCAL SUBJECT ADDED ENTRY--TOPICAL TERM (OCLC, RLIN) | |
| Topical term or geographic name as entry element | mots |
| 690 ## - LOCAL SUBJECT ADDED ENTRY--TOPICAL TERM (OCLC, RLIN) | |
| Topical term or geographic name as entry element | ordinateur |
| 690 ## - LOCAL SUBJECT ADDED ENTRY--TOPICAL TERM (OCLC, RLIN) | |
| Topical term or geographic name as entry element | photos |
| 786 0# - DATA SOURCE ENTRY | |
| Note | Empan | 70 | 2 | 2008-08-19 | p. 129-133 | 1152-3336 |
| 856 41 - ELECTRONIC LOCATION AND ACCESS | |
| Uniform Resource Identifier | <a href="https://shs.cairn.info/revue-empan-2008-2-page-129?lang=fr&redirect-ssocas=7080">https://shs.cairn.info/revue-empan-2008-2-page-129?lang=fr&redirect-ssocas=7080</a> |
Pas d'exemplaire disponible.




Réseaux sociaux